Essai sur la police générale des grains, sur leurs prix et sur les effets de l'agriculture, 1755 / (Record no. 35691)

MARC details
000 -LEADER
campo de control de longitud fija 01087nam a2200229 i 4500
001 - NÚMERO DE CONTROL
campo de control 35691
003 - IDENTIFICADOR DE NÚMERO DE CONTROL
campo de control ES-MaACL
005 - FECHA Y HORA DE LA ÚLTIMA TRANSACCIÓN
campo de control 20251007173452.0
007 - CAMPO FIJO DE DESCRIPCIÓN FÍSICA--INFORMACIÓN GENERAL
campo de control de longitud fija t|
008 - DATOS DE LONGITUD FIJA--INFORMACIÓN GENERAL
campo de control de longitud fija 160802s1910 fr ||||1| fre d
100 1# - ENTRADA PRINCIPAL--NOMBRE DE PERSONA
Nombre de persona Herbert, Claude-Jacques,
Fechas asociadas al nombre 1700-1758
9 (RLIN) 160280
245 10 - MENCIÓN DEL TÍTULO
Título Essai sur la police générale des grains, sur leurs prix et sur les effets de l'agriculture, 1755 /
Mención de responsabilidad, etc. Cl.-J. Herbert. Et Supplément à l'Essai sur la police générale des grains / par J. G.. Montaudouin de la Touche, 1757 ; publiés avec introduction et table analytique par Edgard Depitre,...
260 ## - PUBLICACIÓN, DISTRIBUCIÓN, ETC.
Lugar de publicación, distribución, etc. Paris :
Nombre del editor, distribuidor, etc. G. Geuthner,
Fecha de publicación, distribución, etc. 1910.
300 ## - DESCRIPCIÓN FÍSICA
Extensión XLIII-VII, 166 p. :
Otras características físicas facsímiles ;
Dimensiones 23 cm.
490 1# - MENCIÓN DE SERIE
Mención de serie Collection des économistes et des réformateurs sociaux de la France
650 #4 - PUNTO DE ACCESO ADICIONAL DE MATERIA--TÉRMINO DE MATERIA
Término de materia o nombre geográfico como elemento de entrada Cereales-
Subdivisión general Comercio.
9 (RLIN) 135751
700 1# - ENTRADA AGREGADA--NOMBRE PERSONAL
Nombre de persona Montaudouin de La Touche, Jean-Gabriel,
Fechas asociadas al nombre 1722-1780
9 (RLIN) 160281
700 0# - ENTRADA AGREGADA--NOMBRE PERSONAL
Nombre de persona Depitre, Edgar.
9 (RLIN) 43753
830 00 - PUNTO DE ACCESO ADICIONAL DE SERIE-TÍTULO UNIFORME
Título uniforme Collection des économistes et des réformateurs sociaux de la France
9 (RLIN) 181595
852 ## - LOCALIZACIÓN
Ubicación ES-MaACL
Número de control de estantería G-5161
Holdings
Estatus retirado Estado de pérdida Estado de daño No para préstamo Biblioteca de origen Biblioteca actual Ubicación en estantería Fecha de adquisición Fuente de adquisición Total de préstamos Signatura topográfica completa Código de barras Visto por última vez Precio de reemplazo Tipo de ítem Koha
        Biblioteca del Ateneo de Madrid Biblioteca del Ateneo de Madrid Depósito 2 02/08/2016     G-5161 1195713 23/02/2023 23/02/2023 Libro impreso